Business and Management 2012 catalogue (Record no. 27950)

MARC details
000 -LEADER
fixed length control field 004730000a22001690004500
001 - CONTROL NUMBER
control field 027950
005 - DATE AND TIME OF LATEST TRANSACTION
control field 20240318183042.0
008 - FIXED-LENGTH DATA ELEMENTS--GENERAL INFORMATION
fixed length control field 130304t xxu||||| |||| 00| 0 eng d
090 ## - LOCALLY ASSIGNED LC-TYPE CALL NUMBER (OCLC); LOCAL CALL NUMBER (RLIN)
-- 27950
-- 27950
245 ## - TITLE STATEMENT
Title Business and Management 2012 catalogue
260 ## - PUBLICATION, DISTRIBUTION, ETC.
Place of publication, distribution, etc. Oxford : Oxford University Business
300 ## - PHYSICAL DESCRIPTION
Extent Various pagings . :
310 ## - CURRENT PUBLICATION FREQUENCY
Current publication frequency Annually
505 ## - FORMATTED CONTENTS NOTE
Formatted contents note Issues 2007: Aug;
650 ## - SUBJECT ADDED ENTRY--TOPICAL TERM
Topical term or geographic name entry element Business and Management Catalogue
9 (RLIN) 47905
942 ## - ADDED ENTRY ELEMENTS (KOHA)
Koha item type Periodicals
Source of classification or shelving scheme Dewey Decimal Classification
Serial record 1
Holdings
Withdrawn status Lost status Source of classification or shelving scheme Damaged status Not for loan Home library Current library Date acquired Total Checkouts Barcode Date last seen Price effective from Koha item type
    Dewey Decimal Classification     Archbishop Kiwanuka Memorial Library Archbishop Kiwanuka Memorial Library 04/03/2013   40771 04/03/2013 04/03/2013 Periodicals

Archbishop Kiwanuka Memorial Library | Uganda Martyrs University P.O. Box : 5498 Kampala, Uganda
Tel : +256-(0) 382-277-901 or +256-(0) 382-410-611 / E-mail : library@umu.ac.ug